Responsible driving

This classroom-tested program, developed with the American Automobile Association (AAA), reflects the changes surrounding teen driving. Everything your students need to know about driving is included - from graduated driver licensing to zero tolerance laws to information about vehicle maintenance.

Zapisane w:
Opis bibliograficzny
Korporacja: American Automobile Association
Format: Książka
Język:Undetermined
Wydane: New York, NY Glencoe/McGraw-Hill 2000
Hasła przedmiotowe:
Etykiety: Dodaj etykietę
Nie ma etykietki, Dołącz pierwszą etykiete!
Thư viện lưu trữ: Trung tâm Học liệu Trường Đại học Cần Thơ
LEADER 00938nam a2200205Ia 4500
001 CTU_135567
008 210402s9999 xx 000 0 und d
020 |c 40.00 
082 |a 629.283 
082 |b A512 
110 |a American Automobile Association 
245 0 |a Responsible driving 
245 0 |c American Automobile Association; Francis C. Kenel [et al.] 
260 |a New York, NY 
260 |b Glencoe/McGraw-Hill 
260 |c 2000 
520 |a This classroom-tested program, developed with the American Automobile Association (AAA), reflects the changes surrounding teen driving. Everything your students need to know about driving is included - from graduated driver licensing to zero tolerance laws to information about vehicle maintenance. 
650 |a Automobile driving,Automobile driver education,Giáo dục tài xế,Lái xe 
904 |i Huỳnh Mai 
980 |a Trung tâm Học liệu Trường Đại học Cần Thơ